Amadeo Y. Manalad : (Record no. 305251)
[ view plain ]
| 000 -LEADER | |
|---|---|
| fixed length control field | 00901nam a2200241Ia 4500 |
| 008 - FIXED-LENGTH DATA ELEMENTS--GENERAL INFORMATION | |
| fixed length control field | 161112s9999 xx 000 0 und d |
| 050 ## - LIBRARY OF CONGRESS CALL NUMBER | |
| Classification number | REF ND 1029.M54 |
| 050 ## - LIBRARY OF CONGRESS CALL NUMBER | |
| Item number | .G94 2003 |
| 100 ## - MAIN ENTRY--PERSONAL NAME | |
| Personal name | Guerrero, Amadis Ma. |
| 245 #0 - TITLE STATEMENT | |
| Title | Amadeo Y. Manalad : |
| 245 #0 - TITLE STATEMENT | |
| Remainder of title | history's muralist / |
| 245 #0 - TITLE STATEMENT | |
| Statement of responsibility, etc | Amadis Ma. Guerrero; preface by Juan T. Gatbonton; a critical appreciation by Patrick D. Flores; photography by Raffy Guerrero. |
| 260 ## - PUBLICATION, DISTRIBUTION, ETC. (IMPRINT) | |
| Place of publication, distribution, etc | Manila : |
| 260 ## - PUBLICATION, DISTRIBUTION, ETC. (IMPRINT) | |
| Name of publisher, distributor, etc | Kasaysayan Publishing. |
| 260 ## - PUBLICATION, DISTRIBUTION, ETC. (IMPRINT) | |
| Date of publication, distribution, etc | 2003 |
| 300 ## - PHYSICAL DESCRIPTION | |
| Extent | 114 pages : |
| 300 ## - PHYSICAL DESCRIPTION | |
| Other physical details | illustrations (some color) ; |
| 300 ## - PHYSICAL DESCRIPTION | |
| Dimensions | 24 cm. |
| 500 ## - GENERAL NOTE | |
| General note | Includes bibliographical references. |
| 650 ## - SUBJECT ADDED ENTRY--TOPICAL TERM | |
| Topical term or geographic name as entry element | Manalad, Amadeo Yabot -- 1911-1984 -- Criticism and interpretation. |
| 650 ## - SUBJECT ADDED ENTRY--TOPICAL TERM | |
| Topical term or geographic name as entry element | Mural painting and decoration, Filipino -- Philippines -- 20th century. |
| 650 ## - SUBJECT ADDED ENTRY--TOPICAL TERM | |
| General subdivision | Mural painting and decoration -- Philippines -- History. |
| Withdrawn status | Lost status | Damaged status | Home library | Current library | Shelving location | Date acquired | Cost, normal purchase price | Total Checkouts | Full call number | Barcode | Date last seen | Price effective from | Koha item type |
|---|---|---|---|---|---|---|---|---|---|---|---|---|---|
| South Mansfield College | South Mansfield College | Reference Section | 06/14/2016 | 1800.00 | REF ND 1029.M54 .G94 2003 | SMC06049 | 11/12/2016 | 11/12/2016 |